|
|
|
|
| LEADER |
00000nab a2200000 a 4500 |
| 001 |
vtls000625243 |
| 003 |
SK-MaSNL |
| 005 |
20260304084917.0 |
| 008 |
250425c1997 xo 0 slo |
| 015 |
|
|
|a SNBRB19rr/mm-uuuuu
|
| 035 |
|
|
|a CL0625382
|
| 035 |
|
|
|a urn:nbn:sk:snk-abajfg
|
| 035 |
|
|
|a (urnnbn)urn:nbn:sk:snk:ar-008azs
|
| 035 |
|
|
|a (uuid)439dd19d-a310-4931-bf2c-4a443e7afbb4
|
| 040 |
|
|
|a SNKBUCL
|b slo
|c SNKBUCL
|e AACR2
|
| 041 |
0 |
|
|a slo
|
| 044 |
|
|
|a xo
|c SK
|
| 080 |
|
|
|a 82(091):820 (417)
|2 1981
|
| 080 |
|
|
|a 820 (417)(091)
|2 1981
|
| 100 |
1 |
|
|a Schwanitz, Dietrich
|4 aut
|9 1377808
|
| 245 |
1 |
0 |
|a Objavenie Írska, alebo, O zrode národa z ducha literatúry
|c Dietrich Schwanitz ; prekl. František Sýkora
|
| 300 |
|
|
|b Fotogr. 1
|
| 650 |
0 |
7 |
|a dejiny írskej literatúry
|2 snkbucl
|9 205952
|
| 651 |
|
7 |
|a Dublin (Írsko)
|2 snkbucl
|9 59514
|
| 655 |
|
7 |
|a články z novín a časopisov
|2 snkbucl
|9 267496
|
| 700 |
1 |
|
|a Sýkora, František
|4 trl
|9 288657
|
| 773 |
0 |
|
|t Literárny týždenník
|g Roč. 10, č. 17 (1997), s. 8-9
|x 0862-5999
|
| 850 |
|
|
|a Slovenská národná knižnica
|
| 852 |
|
|
|a Slovenská národná knižnica
|
| 954 |
|
|
|a odborná, vedecká literatúra pôvodná (slovenská)
|2 lita
|
| 958 |
|
|
|a article14
|
| 958 |
|
|
|a LX
|
| 958 |
|
|
|a IE
|
| 958 |
|
|
|a RK
|
| 958 |
|
|
|a OND
|
| 958 |
|
|
|a EUIPO
|
| 992 |
|
|
|a RBX
|
| 999 |
|
|
|c 2805609
|d 2807539
|